Russian Bureaucracy and the State : (Record no. 618113)

MARC details
000 -LEADER
fixed length control field 00484nam a2200181 a 4500
008 - FIXED-LENGTH DATA ELEMENTS--GENERAL INFORMATION
fixed length control field 260330s2009##################000#0#eng##
020 ## - INTERNATIONAL STANDARD BOOK NUMBER
ISBN 9780230228849
082 04 - DEWEY DECIMAL CLASSIFICATION NUMBER
Classification number 351.47
Item number ROW
100 1# - MAIN ENTRY--AUTHOR NAME
Personal name Rowney, D.,
245 10 - TITLE STATEMENT
Title Russian Bureaucracy and the State :
260 ## - PUBLICATION, DISTRIBUTION, ETC. (IMPRINT)
Name of publisher Palgrave Macmillan,
Year of publication 2009.
650 #0 - SUBJECT ADDED ENTRY--TOPICAL TERM
Topical Term Political Science.
942 ## - ADDED ENTRY ELEMENTS (KOHA)
Koha item type English Books
Holdings
Withdrawn status Lost status Damaged status Not for loan Home library Current library Shelving location Date acquired Full call number Accession Number Price effective from Koha item type
        Anna Centenary Library Anna Centenary Library 4TH FLOOR, A WING 30.03.2026 351.47 ROW 320847 30.03.2026 English Books

Find us on the map